000 00829nam a22001817a 4500
005 20250113161040.0
010 _aHIN-129245
020 _a9788119798087
_c595.00
035 _aHN-101591
037 _bDBAD
082 _a230.2
100 _aदुबे, श्याम बिहारी
_976488
245 _aभागवत के अनमोल वचन /
_bश्याम बिहारी दुबे
260 _aनई दिल्ली
_bहर-आनन्द पब्लिकेशन
_c2024
270 _aई-49/3, ओखला इंडस्ट्रियल एरिया, फेस-2,
_bनई दिल्ली
_e110020
_k011-41603490
_minfo@haranandbooks.com
300 _a95पृ.
_c22 सेमी (अजिल्द )
942 _2ddc
_cHN
_h230.2
_mदुबेश्या
999 _c208436
_d208436